[Event "American Continental 08th"]
[Site "Mar del Plata"]
[Date "2012.10.17"]
[Round "7"]
[White "Tobares, Leandro"]
[Black "Pirola, Marcos"]
[Result "1-0"]
[WhiteElo "2261"]
[BlackElo "2070"]
[PlyCount "57"]
[EventDate "2012.10.12"]
[EventType "swiss"]
[EventRounds "11"]
[EventCountry "ARG"]
[SourceTitle "EXT 2013"]
[Source "ChessBase"]
[SourceDate "2012.11.22"]
[SourceVersion "1"]
[SourceVersionDate "2012.11.22"]
[SourceQuality "1"]

1. c4 Nf6 2. Nc3 e5 3. g3 g6 4. Bg2 Bg7 5. Nf3 d6 6. 0-0 0-0 7. d3 Re8 8. h3 c6 9. e4 Na6 10. Be3 Nc7 11. d4 exd4 12. Nxd4 Ne6 13. Nb3 Qe7 14. Re1 Rd8 15. Qc2 Nd7 16. Rad1 Nec5 17. e5 Bxe5 18. Bxc5 dxc5 19. f4 f6 20. fxe5 Nxe5 21. Rxd8+ Qxd8 22. Ne4 Be6 23. Qc3 Bxc4 24. Nxf6+ Qxf6 25. Rxe5 Qf7 26. Nxc5 Rd8 27. Ne4 Bxa2 28. Nf6+ Kf8 29. Qa3+ 1-0

[Event "American Continental 08th"]
[Site "Mar del Plata"]
[Date "2012.10.13"]
[Round "2"]
[White "Pirola, Marcos"]
[Black "Beron, Ricardo"]
[Result "1-0"]
[WhiteElo "2070"]
[BlackElo "1703"]
[PlyCount "83"]
[EventDate "2012.10.12"]
[EventType "swiss"]
[EventRounds "11"]
[EventCountry "ARG"]
[SourceTitle "EXT 2013"]
[Source "ChessBase"]
[SourceDate "2012.11.22"]
[SourceVersion "1"]
[SourceVersionDate "2012.11.22"]
[SourceQuality "1"]

1. Nf3 Nf6 2. c4 g6 3. g3 Bg7 4. Bg2 0-0 5. 0-0 c5 6. Nc3 Nc6 7. d4 cxd4 8. Nxd4 Nxd4 9. Qxd4 a6 10. e4 d6 11. Rd1 Ng4 12. Qd2 Bh6 13. Qe2 Bxc1 14. Raxc1 Qa5 15. Nd5 Re8 16. b4 Qd8 17. c5 Nf6 18. Nxf6+ exf6 19. Rxd6 Qe7 20. Qb2 Qe5 21. Qxe5 fxe5 22. Bf1 Be6 23. Bc4 Bxc4 24. Rxc4 Red8 25. Rd5 f6 26. Rc2 Kf7 27. Rcd2 Ke7 28. Kf1 Rxd5 29. exd5 Kd7 30. Ke2 Rc8 31. Kd3 f5 32. Re2 Re8 33. a4 g5 34. b5 e4+ 35. Kd4 axb5 36. axb5 b6 37. c6+ Kd6 38. f3 Re5 39. fxe4 fxe4 40. Ke3 Kxd5 41. c7 Re8 42. Rd2+ 1-0

[Event "American Continental 08th"]
[Site "Mar del Plata"]
[Date "2012.10.12"]
[Round "1"]
[White "Mekhitarian, Krikor Sevag"]
[Black "Pirola, Marcos"]
[Result "1-0"]
[WhiteElo "2503"]
[BlackElo "2070"]
[PlyCount "119"]
[EventDate "2012.10.12"]
[EventType "swiss"]
[EventRounds "11"]
[EventCountry "ARG"]
[SourceTitle "EXT 2013"]
[Source "ChessBase"]
[SourceDate "2012.11.22"]
[SourceVersion "1"]
[SourceVersionDate "2012.11.22"]
[SourceQuality "1"]

1. e4 Nf6 2. e5 Nd5 3. d4 d6 4. Nf3 g6 5. Bc4 Nb6 6. Bb3 Bg7 7. 0-0 0-0 8. h3 Nc6 9. Qe2 dxe5 10. dxe5 Nd4 11. Nxd4 Qxd4 12. Re1 e6 13. Nd2 Nd5 14. Nf3 Qc5 15. Qe4 h6 16. h4 a5 17. h5 Ne7 18. hxg6 fxg6 19. Qg4 Kh7 20. Be3 Qb4 21. Qxb4 axb4 22. Bc5 Re8 23. Bxb4 Nc6 24. Bc3 Na5 25. Rad1 Nxb3 26. axb3 b5 27. Nd4 Rb8 28. Bb4 Kg8 29. Nc6 Rb6 30. Ne7+ Kh7 31. Bc5 Ra6 32. Nxc8 Rxc8 33. Rd7 Rc6 34. Be7 Rxc2 35. Bf6 Rg8 36. Red1 g5 37. Rf7 Kg6 38. Rdd7 Bxf6 39. Rxf6+ Kh5 40. Rh7 g4 41. Rhxh6+ Kg5 42. Rxe6 Rxb2 43. Ref6 Rxb3 44. e6 Rb1+ 45. Kh2 Re1 46. Kg3 Rg7 47. f4+ gxf3 48. gxf3 Re3 49. Kf2 Ra3 50. f4+ Kg4 51. Rh1 Rg3 52. Rf7 Rxf7 53. Rh4+ Kxh4 54. exf7 Kg4 55. f8Q Rf3+ 56. Ke2 Rxf4 57. Qc8+ Rf5 58. Ke3 Kg5 59. Qxc7 Kf6 60. Ke4 1-0